[Event "DVM U16 2019"]
[Site "Magdeburg GER"]
[Date "2019.12.29"]
[Round "5"]
[White "John, Niklas"]
[Black "Alkabetz, Michael"]
[Result "1-0"]
[Termination "normal"]
[Board "9.2"]
[WhiteElo "1389"]
[BlackElo "1644"]
[WhiteTeam "Schachklub Münster 32 e. V."]
[BlackTeam "Stuttgarter SF 1879"]
[PlyCount "130"]
[WhiteFideId "16234626"]
[BlackFideId "16261577"]
[EventCountry "GER"]
[EventRounds "7"]
[EventType "team-swiss"]
[EventDate "2019.12.26"]

1. e4 c6 2. d4 d5 3. Nc3 dxe4 4. Nxe4 h6 5. Bc4 Bf5 6. Ng3 Bh7 7. Nf3 Nd7 8.
O-O e6 9. Re1 Be7 10. Bf4 Ngf6 11. Qe2 O-O 12. Rad1 Re8 13. Bd3 Bxd3 14. Rxd3
Nd5 15. Bd2 Bd6 16. c4 Nf4 17. Bxf4 Bxf4 18. Nh5 Bc7 19. Ne5 Nf6 20. Nxf6+ Qxf6
21. Qh5 Bxe5 22. dxe5 Qe7 23. Rg3 Kf8 24. Qg4 Qg5 25. Qxg5 hxg5 26. Rxg5 Rad8
27. Rg3 Rd2 28. Rb3 b6 29. g3 Red8 30. Ra3 R8d7 31. b4 Rb2 32. b5 cxb5 33. Rb3
Rxb3 34. axb3 bxc4 35. bxc4 Rc7 36. Ra1 Rxc4 37. Rxa7 g6 38. Kg2 b5 39. Ra2 Rb4
40. Kf3 Rb1 41. Ke2 b4 42. Kd3 b3 43. Rd2 Ra1 44. Rb2 g5 45. Kc3 g4 46. Kxb3
Rh1 47. f3 gxf3 48. Rf2 Re1 49. Rxf3 Rxe5 50. Kc3 Rd5 51. Rd3 Rxd3+ 52. Kxd3 f5
53. Kd4 Kg7 54. Ke5 Kf7 55. h3 Ke7 56. h4 Kf7 57. h5 Ke7 58. h6 Kf7 59. h7 Kg7
60. Kxe6 Kxh7 61. Kxf5 Kg7 62. Kg5 Kh7 63. Kf6 Kh6 64. g4 Kh7 65. g5 Kg8 1-0

[Event "DVM U16 2019"]
[Site "Magdeburg GER"]
[Date "2019.12.29"]
[Round "5"]
[White "Bantchev, Malte"]
[Black "Bergeret Busse, Julian"]
[Result "1/2-1/2"]
[Termination "normal"]
[Board "9.3"]
[WhiteElo "1480"]
[BlackElo "1401"]
[WhiteTeam "Stuttgarter SF 1879"]
[BlackTeam "Schachklub Münster 32 e. V."]
[PlyCount "71"]
[WhiteFideId "16288882"]
[BlackFideId "16298446"]
[EventCountry "GER"]
[EventRounds "7"]
[EventType "team-swiss"]
[EventDate "2019.12.26"]

1. d4 Nf6 2. c4 e6 3. Nf3 Bb4+ 4. Bd2 Qe7 5. a3 Bxd2+ 6. Nbxd2 d6 7. e3 Nbd7 8.
Qc2 b6 9. Be2 Bb7 10. Rd1 O-O 11. O-O Rac8 12. Nb3 Rfd8 13. Nfd2 c5 14. dxc5
dxc5 15. Bf3 Ne5 16. Bxb7 Qxb7 17. Rfe1 Rd7 18. Nf1 Rcd8 19. Rxd7 Qxd7 20. Re2
Qd1 21. Qxd1 Rxd1 22. Rd2 Rxd2 23. Nfxd2 Nd3 24. g3 Ng4 25. f3 Nge5 26. f4 Nc6
27. g4 f5 28. gxf5 exf5 29. Nf3 h6 30. Kg2 Kf7 31. Kg3 a6 32. Nbd2 b5 33. cxb5
axb5 34. e4 fxe4 35. Nxe4 Ke6 36. f5+ 1/2-1/2

[Event "DVM U16 2019"]
[Site "Magdeburg GER"]
[Date "2019.12.29"]
[Round "5"]
[White "Pikalow, Michael"]
[Black "Kosev, Momchil"]
[Result "1-0"]
[Termination "normal"]
[Board "10.1"]
[WhiteElo "1849"]
[BlackElo "1814"]
[WhiteTeam "USC Magdeburg"]
[BlackTeam "Erfurter Schachklub"]
[PlyCount "89"]
[WhiteFideId "16227638"]
[BlackFideId "12975982"]
[EventCountry "GER"]
[EventRounds "7"]
[EventType "team-swiss"]
[EventDate "2019.12.26"]

1. e4 c5 2. Nc3 a6 3. Nf3 d6 4. d4 cxd4 5. Nxd4 Nf6 6. Be3 e5 7. Nb3 Be7 8. f3
Be6 9. Qd2 h5 10. Be2 Nbd7 11. Nd5 Nxd5 12. exd5 Bf5 13. O-O Qc7 14. c4 a5 15.
f4 g6 16. fxe5 dxe5 17. c5 Nxc5 18. Bb5+ Kf8 19. d6 Bxd6 20. Qxd6+ Qxd6 21.
Bxc5 Qxc5+ 22. Nxc5 Ra7 23. Nd7+ Bxd7 24. Bxd7 Ke7 25. Rad1 b6 26. Ba4 Rb7 27.
Rd5 f6 28. Rfd1 Rh7 29. Rd7+ Ke6 30. R1d6+ Kf5 31. Rxh7 Rxh7 32. Rxb6 Rc7 33.
Rc6 Rb7 34. Rc2 Rb4 35. Rf2+ Kg5 36. Be8 Rc4 37. g3 e4 38. a4 Kg4 39. Kg2 e3
40. Bd7+ f5 41. Bb5 exf2 42. Bxc4 f1=Q+ 43. Bxf1 f4 44. Be2+ Kf5 45. Bd3+ 1-0

[Event "DVM U16 2019"]
[Site "Magdeburg GER"]
[Date "2019.12.29"]
[Round "5"]
[White "Wagner, Margarethe"]
[Black "Schiffner, Robin"]
[Result "1-0"]
[Termination "normal"]
[Board "10.2"]
[WhiteElo "1805"]
[BlackElo "1377"]
[WhiteTeam "Erfurter Schachklub"]
[BlackTeam "USC Magdeburg"]
[PlyCount "69"]
[WhiteFideId "16236947"]
[BlackFideId "16210328"]
[EventCountry "GER"]
[EventRounds "7"]
[EventType "team-swiss"]
[EventDate "2019.12.26"]

1. e4 e6 2. d4 d5 3. e5 c5 4. c3 Nc6 5. Nf3 Bd7 6. a3 a5 7. Bd3 cxd4 8. cxd4
Nge7 9. Nc3 Ng6 10. h4 Be7 11. h5 Nh4 12. Nxh4 Bxh4 13. Qg4 Be7 14. Qxg7 Rf8
15. O-O Nxd4 16. Bh6 f5 17. exf6 Rxf6 18. Bxh7 Bc6 19. Bg5 Nf5 20. Qg8+ Rf8 21.
Qxe6 Nd6 22. Bg6+ Nf7 23. Rae1 Bd7 24. Qxe7+ Qxe7 25. Rxe7+ Kd8 26. Rxf7+ Kc7
27. Rxf8 Rxf8 28. Nxd5+ Kd6 29. Be7+ Kxd5 30. Bxf8 Kc4 31. Bf7+ Kd3 32. Rd1+
Kc2 33. Rxd7 Kxb2 34. Rxb7+ Ka1 35. Bg7# 1-0

[Event "DVM U16 2019"]
[Site "Magdeburg GER"]
[Date "2019.12.29"]
[Round "5"]
[White "Rabenstein, Jonathan"]
[Black "Wagner, Victoria"]
[Result "0-1"]
[Termination "normal"]
[Board "10.3"]
[WhiteElo "1382"]
[BlackElo "1797"]
[WhiteTeam "USC Magdeburg"]
[BlackTeam "Erfurter Schachklub"]
[PlyCount "82"]
[WhiteFideId "16298462"]
[BlackFideId "16232348"]
[EventCountry "GER"]
[EventRounds "7"]
[EventType "team-swiss"]
[EventDate "2019.12.26"]

1. e4 c5 2. Nc3 a6 3. f4 d6 4. Nf3 Nc6 5. Bc4 e6 6. d3 g6 7. O-O Bg7 8. Qe1
Nge7 9. Qh4 b5 10. Bb3 Na5 11. Bd2 Bd7 12. Rae1 Nxb3 13. axb3 O-O 14. f5 exf5
15. Bh6 f6 16. exf5 Nxf5 17. Qe4 Bxh6 18. Nd5 Re8 19. Qxe8+ Bxe8 20. Rxe8+ Qxe8
21. Nxf6+ Kf7 22. Nxe8 Kxe8 23. Re1+ Kd7 24. c4 b4 25. g4 Nd4 26. Nxd4 cxd4 27.
Re4 Be3+ 28. Kg2 Rf8 29. Kg3 g5 30. Kg2 Rf2+ 31. Kg3 Rxb2 32. Kf3 Rxb3 33. Ke2
Rb2+ 34. Ke1 Rxh2 35. Kd1 Rd2+ 36. Kc1 a5 37. Kb1 a4 38. Ka1 b3 39. Kb1 Rd1+
40. Kb2 Bc1+ 41. Kb1 Ba3# 0-1

[Event "DVM U16 2019"]
[Site "Magdeburg GER"]
[Date "2019.12.29"]
[Round "5"]
[White "Seinsoth, Paul"]
[Black "Dietz, Maximilian"]
[Result "1-0"]
[Termination "normal"]
[Board "10.4"]
[WhiteElo "1629"]
[BlackElo "1186"]
[WhiteTeam "Erfurter Schachklub"]
[BlackTeam "USC Magdeburg"]
[PlyCount "55"]
[WhiteFideId "12994634"]
[BlackFideId "16298489"]
[EventCountry "GER"]
[EventRounds "7"]
[EventType "team-swiss"]
[EventDate "2019.12.26"]

1. e4 e6 2. Nf3 d5 3. e5 c5 4. b4 b6 5. a3 a6 6. c3 Bd7 7. d4 Bb5 8. Bd3 Bxd3
9. Qxd3 cxd4 10. cxd4 b5 11. O-O Nc6 12. Ra2 Bxb4 13. axb4 Nxb4 14. Qb3 Nxa2
15. Qxa2 Qb6 16. Bd2 a5 17. Nc3 Ne7 18. Rb1 O-O 19. Nxb5 f6 20. exf6 Rxf6 21.
Bg5 Rxf3 22. gxf3 Nf5 23. Kh1 Nxd4 24. Be3 e5 25. Qxd5+ Qe6 26. Qxa8+ Kf7 27.
Qa7+ Kg8 28. Nxd4 1-0